000 00581nam a2200229Ia 4500
003 OSt
005 20220927112643.0
006 a|||||r|||| 00| 0
007 ta
008 220926b |||||||| |||| 00| 0 eng d
024 _a151021
037 _cReports
040 _aRTL
_cRTL
_beng
041 _2eng
_aeng
082 _a"X9(J).252s, J6/GD"
110 _aIndia
_9352601
245 0 _aSeason and crop report 1955-56
260 _aLuckhnow
_bIndia
_c1956
700 _aIndia
_9352603
942 _h"X9(J).252s, J6/GD"
_cCC
999 _c700440
_d700440